La pobreza de Clío. Crisis y renovación en el estudio de la historia

محفوظ في:
التفاصيل البيبلوغرافية
المؤلف الرئيسي: Boldizzoni, Francesco (autor)
مؤلفون آخرون: Noriega, Luis (traductor)
التنسيق: كتاب
اللغة:الإنجليزية
الإسبانية
منشور في: Barcelona, España Editorial Planeta S. A 2013
الطبعة:Primera edición
سلاسل:Libros de Historia
الموضوعات:
الوسوم: إضافة وسم
لا توجد وسوم, كن أول من يضع وسما على هذه التسجيلة!

MARC

LEADER 00000nam a22000007a 4500
003 CL-VaPUC
005 20210730145702.0
008 210525b ||||| |||| 00| 0 eng d
999 |c 432995  |d 432993 
020 |a 9788498925272 
040 |c Pontificia Universidad Católica de Valparaíso 
041 0 |a spa 
082 0 |2 21  |a 907.2 BOL 2013 
100 1 |a Boldizzoni, Francesco  |e autor  |9 861003 
245 1 3 |a La pobreza de Clío.  |b  Crisis y renovación en el estudio de la historia 
250 |a Primera edición 
260 3 |a Barcelona, España  |b Editorial Planeta S. A  |c 2013 
300 |a 350 páginas 
490 0 |a Libros de Historia 
500 |a Donación VRA N. Vásquez L. 
583 |c 20210525  |k Daniel Castañeda 
650 0 0 |9 257871  |a Historiografía  
700 1 |a Noriega, Luis  |e traductor  |9 861004 
942 |2 ddc  |c BK 
952 |0 0  |1 0  |2 ddc  |4 0  |6 907_200000000000000_BOL_2013  |7 0  |8 A  |9 577872  |a BIBHIS  |b BIBHIS  |d 2021-05-25  |i 5621356  |o 907.2 BOL 2013  |p 5621356  |r 2025-01-20  |t 1  |w 2021-05-25  |y BK  |k HIS